| 000 | 00690nam a2200241 a 4500 | ||
|---|---|---|---|
| 001 | 54976 | ||
| 003 | BD-RjUL | ||
| 005 | 20211209080210.0 | ||
| 008 | 161113m1957 enka 001 0 eng d | ||
| 035 | _a(BD-RjUL)55098 | ||
| 040 |
_aBD-RjUL _beng _cBD-RjUL _dBD-RjUL |
||
| 041 | _aeng | ||
| 082 |
_223 _a532.2 _bRAT 1957 |
||
| 100 | 1 |
_aRamsey, A. S. _9152036 |
|
| 245 | 1 | 2 |
_aA treatise on hydromechanics / _cA.S. Ramsey |
| 250 | _a4th ed. | ||
| 260 |
_aLondon : _bG. Bell and Son, Ltd., _c1935 [reprinted 1957] |
||
| 300 |
_axii, 415 : _bill. ; _c23 cm. |
||
| 500 | _aIncludes index | ||
| 505 | 0 | _aI. Hydrostatics. II. Hydrodynamics. | |
| 650 |
_aHydrostatics _9163923 |
||
| 942 |
_2ddc _cBK |
||
| 999 |
_c54976 _d54976 |
||